American Government (Record no. 16928)

000 -LEADER
fixed length control field 00276nam a22001097a 4500
008 - FIXED-LENGTH DATA ELEMENTS--GENERAL INFORMATION
fixed length control field 140207t xxu||||| |||| 00| 0 eng d
100 ## - MAIN ENTRY--PERSONAL NAME
Personal name James Q. Wilson
9 (RLIN) 669
245 ## - TITLE STATEMENT
Title American Government
250 ## - EDITION STATEMENT
Edition statement Fifth Ed.
300 ## - PHYSICAL DESCRIPTION
Extent xv, 665, 84 p. :
Other physical details ill. ;
Dimensions 27 cm.
942 ## - ADDED ENTRY ELEMENTS (KOHA)
Source of classification or shelving scheme
Koha item type Book
Holdings
Withdrawn status Lost status Source of classification or shelving scheme Damaged status Not for loan Collection code Permanent Location Current Location Date acquired Total Checkouts Full call number Barcode Date last seen Price effective from Koha item type
            Atta-ur-Rahman School of Applied Biosciences (ASAB) Atta-ur-Rahman School of Applied Biosciences (ASAB) 02/07/2014   320.47 WIL ASAB170 02/07/2014 02/07/2014 Book
            Atta-ur-Rahman School of Applied Biosciences (ASAB) Atta-ur-Rahman School of Applied Biosciences (ASAB) 02/07/2014   320.47 WIL ASAB169 02/07/2014 02/07/2014 Book
            Atta-ur-Rahman School of Applied Biosciences (ASAB) Atta-ur-Rahman School of Applied Biosciences (ASAB) 02/07/2014   320.47 WIL ASAB168 01/19/2016 02/07/2014 Book
© 2023 Central Library, National University of Sciences and Technology. All Rights Reserved.